<?xml version="1.0" encoding="UTF-8"?>
<collection xmlns:xsi="http://www.w3.org/2001/XMLSchema-instance" xsi:schemaLocation="http://www.loc.gov/MARC21/slim http://www.loc.gov/standards/marcxml/schema/MARC21slim.xsd" xmlns="http://www.loc.gov/MARC21/slim">
 <record>
  <leader>00000nam a22000004a 4500</leader>
  <controlfield tag="001">UP-1685954869149602656</controlfield>
  <controlfield tag="003">Buklod</controlfield>
  <controlfield tag="005">20240402105400.0</controlfield>
  <controlfield tag="006">m    |o  d |      </controlfield>
  <controlfield tag="007">ta</controlfield>
  <controlfield tag="008">240313s2020    xxu     rm   |||| u|eng d</controlfield>
  <datafield tag="040" ind1=" " ind2=" ">
   <subfield code="a">DCHE</subfield>
   <subfield code="e">rda</subfield>
  </datafield>
  <datafield tag="041" ind1=" " ind2=" ">
   <subfield code="a">eng</subfield>
  </datafield>
  <datafield tag="090" ind1=" " ind2=" ">
   <subfield code="a">LG 995 2020 H65</subfield>
   <subfield code="b">A48</subfield>
  </datafield>
  <datafield tag="100" ind1="1" ind2=" ">
   <subfield code="a">Alzate, Marby Karylle Ayson</subfield>
   <subfield code="e">author.</subfield>
  </datafield>
  <datafield tag="245" ind1="1" ind2="0">
   <subfield code="a">Entrepreneurial experiences, competencies, and skills among selected indigenous farmers of highland vegetables in Bauko, Mountain Province</subfield>
   <subfield code="c">Marby Karylle Ayson Alzate; Consuelo T. Chua, thesis adviser.</subfield>
  </datafield>
  <datafield tag="264" ind1=" " ind2="1">
   <subfield code="a">Quezon City</subfield>
   <subfield code="b">College of Home Economics, University of the Philippines Diliman</subfield>
   <subfield code="c">[2020]</subfield>
  </datafield>
  <datafield tag="300" ind1=" " ind2=" ">
   <subfield code="a">xi, 63 leaves</subfield>
   <subfield code="b">illustrations</subfield>
   <subfield code="c">28 cm.</subfield>
  </datafield>
  <datafield tag="336" ind1=" " ind2=" ">
   <subfield code="a">text</subfield>
   <subfield code="2">rdacontent</subfield>
  </datafield>
  <datafield tag="337" ind1=" " ind2=" ">
   <subfield code="a">unmediated</subfield>
   <subfield code="2">rdamedia</subfield>
  </datafield>
  <datafield tag="338" ind1=" " ind2=" ">
   <subfield code="a">volume</subfield>
   <subfield code="2">rdacarrier</subfield>
  </datafield>
  <datafield tag="502" ind1=" " ind2=" ">
   <subfield code="a">Thesis (Bachelor of Science in Home Economics) -- University of the Philippines Diliman</subfield>
   <subfield code="d">July 2020.</subfield>
  </datafield>
  <datafield tag="504" ind1=" " ind2=" ">
   <subfield code="a">Bibliography: pages 49-50.</subfield>
  </datafield>
  <datafield tag="506" ind1="0" ind2=" ">
   <subfield code="a">Thesis classification: F</subfield>
  </datafield>
  <datafield tag="520" ind1="0" ind2=" ">
   <subfield code="a">Throughout history, farmers have consistently been recognized as a vital sector of society, requiring substantial support and protection from the government, civil society organizations, and other recognized partners. Farmers are acclaimed as the main drivers towards food security by facilitating the affordability and accessibility of food in the market to be put on the table of every family in the country. However, consistent with the change of time, farmers have aspired to go beyond the cultivation of the soil and become agricultural traders and entrepreneurs. In some sort, farmers have challenged themselves and endeavored learning financial literacy, business plan preparation, and different marketing methods. In this study, the potential of the indigenous farmers from Bauko Mountain Province to become entrepreneurs was examined. The study described their capacity to manage their own business operation, their existing entrepreneurial skills, and their trading technique to market goods. The weaknesses and factors that hinder the farmers’ entrepreneurial ability were also investigated. A mixed method research design was employed for data collection. A quantitative method was used to initially determine the personal entrepreneurial competencies and limitations of the respondents. The information obtained in this section was used as a tool to appreciate the natural capabilities of the respondents. Meanwhile, a qualitative method was used to study the entrepreneurial experiences the farmer entrepreneurs encountered before, during, and after the planting and harvesting season. Meanwhile, a qualitative method was also used to study the business management skills of the farmers. A video and phone call interview and a selfadministered questionnaire were used to gather the data. The data were analyzed through descriptive statistics and narrative analysis.</subfield>
  </datafield>
  <datafield tag="650" ind1=" " ind2="0">
   <subfield code="a">Agriculture</subfield>
   <subfield code="x">Economic aspects </subfield>
   <subfield code="z">Philippines</subfield>
   <subfield code="z">Bauko, Mountain Province.</subfield>
  </datafield>
  <datafield tag="650" ind1=" " ind2="0">
   <subfield code="a">Farmers</subfield>
   <subfield code="x">Economic conditions.</subfield>
  </datafield>
  <datafield tag="700" ind1="1" ind2=" ">
   <subfield code="a">Chua, Consuelo T.</subfield>
   <subfield code="e">thesis adviser.</subfield>
  </datafield>
  <datafield tag="856" ind1=" " ind2=" ">
   <subfield code="y">Available for University of the Philippines Diliman via Digital Archives. Click here to access</subfield>
   <subfield code="u">https://digitalarchives.upd.edu.ph/item/61031/971/AJJLC2A74gDj6kL0k4CE6CCG</subfield>
  </datafield>
  <datafield tag="905" ind1=" " ind2=" ">
   <subfield code="a">FI</subfield>
  </datafield>
  <datafield tag="905" ind1=" " ind2=" ">
   <subfield code="a">UP</subfield>
  </datafield>
  <datafield tag="852" ind1="0" ind2=" ">
   <subfield code="a">UPD</subfield>
   <subfield code="b">DCHE</subfield>
   <subfield code="h">LG 995 2023 H65</subfield>
   <subfield code="i">A48</subfield>
  </datafield>
  <datafield tag="942" ind1=" " ind2=" ">
   <subfield code="a">Thesis</subfield>
  </datafield>
 </record>
</collection>
